Ένας πρακτικός οδηγός για τη συγγραφή τεχνικών κειμένων
Αποθηκεύτηκε σε:
| Κύριος συγγραφέας: | |
|---|---|
| Άλλοι συγγραφείς: | |
| Μορφή: | Βιβλίο |
| Γλώσσα: | Greek |
| Δημοσίευση: |
Αθήνα :
Ίων,
c2003.
|
| Θέματα: | |
| Ετικέτες: |
Προσθήκη ετικέτας
Δεν υπάρχουν, Καταχωρήστε ετικέτα πρώτοι!
|
MARC
| LEADER | 00000nam a2200000 i 4500 | ||
|---|---|---|---|
| 001 | 1/57747 | ||
| 008 | 040621s2003 gre d | ||
| 020 | |a 960-411-394-1 | ||
| 035 | |l 10073825 | ||
| 040 | |a GR-MY-UA |b gre |e aacr | ||
| 041 | 0 | |a gre | |
| 082 | 0 | |a 808.066 |2 (23) | |
| 100 | 1 | |a Αγιουτάντης, Ζαχαρίας Γ. | |
| 245 | 1 | 0 | |a Ένας πρακτικός οδηγός για τη συγγραφή τεχνικών κειμένων / |c Ζαχαρίας Γ. Αγιουτάντης και Στέλιος Π. Μερτίκας. |
| 260 | |a Αθήνα : |b Ίων, |c c2003. | ||
| 300 | |a xiv, 128 σ. : |b εικ., πιν., διαγρ. ; |c 25 εκ. | ||
| 504 | |a Βιβλιογραφία: σ. 105-107. Ευρετήριο. | ||
| 650 | 0 | 0 | |a Technical writing. |
| 650 | 0 | 0 | |a Report writing. |
| 650 | 0 | 0 | |a Dissertations, Academic. |
| 650 | 0 | 0 | |a Study skills. |
| 650 | 0 | 0 | |a Research |x Methodology. |
| 650 | 0 | 0 | |a Academic writing. |
| 700 | 1 | |a Μερτίκας, Στέλιος Π. | |
| 852 | |a INST |b LESVOS |e 20040621 |h 808.066 ΑΓΙ |p 005100030318 |q 005100030318 |t BK |y 0 | ||
| 852 | |a INST |b SYROS |e 20051209 |h 808.0666 ΑΓΙ |p 005500005040 |q 005500005040 |t BK |y 0 | ||
| 901 | |a BIBL5-2007-2 | ||
| 901 | |a BIBL1-2004-3 | ||
| 909 | |a Ε |b 117213 | ||
| 909 | |a Λ |b 111754 | ||
| 922 | |a 5ΕΛΗ |b 200511 |c ΒΙΒΛΙΟΘΗΚΗ ΣΥΡΟΥ |d ΣΕΛΕΦΑΪΣ | ||
| 922 | |a 1ΕΛΗ |b 200404 |c ΤΑΚ/ΤΓ |d ΠΑΠΑΣΩΤΗΡΙΟΥ & ΕΛΕΥΘΕΡΟΥΔΑΚΗΣ | ||
| 950 | |a 118-2003-09-15 | ||
| 970 | |a ΧΡΙΣΤΟΦΑ |b ΝΙΚΗ |z 2004/10/04 | ||